000 00334nam a2200145Ia 4500
005 20251222143112.0
008 251222s9999||||xx |||||||||||||| ||spa||
020 _a8422620227
082 _a833.914/S96
100 _aSüskind, Patrick
245 0 _aEl Perfume
250 _a1ra.ed.
264 _bCírculo de Lectores
942 _cLIB
999 _c11206
_d11206